LIBRARY & INFORMATION CENTRE, KCAET, TAVANUR

ONLINE PUBLIC ACCESS CATALOGUE (OPAC)

Theory of relativity / (Record no. 7408)

MARC details
000 -LEADER
fixed length control field 00516cam a2200205ua 4500
041 ## - LANGUAGE CODE
Language code of text/sound track or separate title eng
082 ## - DEWEY DECIMAL CLASSIFICATION NUMBER
Classification number 530.11
Item number MOL/TH
100 ## - MAIN ENTRY--AUTHOR NAME
Personal name Moller, C .
245 ## - TITLE STATEMENT
Title Theory of relativity /
250 ## - EDITION STATEMENT
Edition statement 1 /
260 ## - PUBLICATION, DISTRIBUTION, ETC. (IMPRINT)
Place of publication London :
Name of publisher Oxford University Press ,
Year of publication 1962.
300 ## - PHYSICAL DESCRIPTION
Number of Pages 383 ; .
490 0# - SERIES STATEMENT
Series statement International series,
Volume number/sequential designation
942 ## - ADDED ENTRY ELEMENTS (KOHA)
Koha item type Books
Holdings
Withdrawn status Lost status Damaged status Home library Current library Date acquired Full call number Accession Number Koha item type
      KAUAET KAUAET 07/04/2012 530.11 MOL/TH 4208 Books
free website counter